| 000 | 01302nam0a2200325 4500 | ||
|---|---|---|---|
| 001 | RU\NLR\BIBL_A\011935442 | ||
| 005 | 20190417094412.0 | ||
| 010 | _a978-5-6041644-2-6 | ||
| 021 |
_aRU _bКН-П-18-104077 _9КН-П-18-7543 |
||
| 035 | _a(NLR Aleph) 011935442 | ||
| 035 | _a(RuMoRGB)009865151 | ||
| 090 |
_a11062283 _c11062283 |
||
| 100 | _a20190213d2018 u y0rusy50 ca | ||
| 101 | 0 | _arus | |
| 102 | _aRU | ||
| 105 | _aac||j|||000zy | ||
| 200 | 1 |
_aAl'-hijama. [Кровопускание] _esunna _eучебное пособие для хаджамов _f[составитель: Ахарашев Мухамед - Али Айнадиевич] |
|
| 210 |
_aВладикавказ _cНПКП "Мавр" _d2018 |
||
| 215 |
_a527, [4] с. _cил., портр., табл. _d21 см |
||
| 309 | _aБез тит. л. Описано по обл. | ||
| 517 | 1 | _aКровопускание | |
| 606 | 1 |
_aКровопускание _jУчебные издания _9982695 _3RU\NLR\AUTH\6651792 |
|
| 686 | 1 | _aР353.54я7 | |
| 702 | 1 |
_4220 _aАхарашев _bМ. А.-А. _gМухамед-Али Айнадиевич _9204306 _3RU\NLR\AUTH\770204357 |
|
| 942 | _cBOOK | ||
| 980 | _aNBR | ||
| 980 | _aNB | ||